Nazwij Reprezentację która... (Piłka Nożna) - Statystyki

Ogólne statystyki
  • Ten quiz został rozwiązany 227 razy
  • Średni wynik to 10 z 15
Statystyki odpowiedzi
Hint Odpowiedź % Poprawnych
Ma tylko dwa zwycięstwa w historii nad Niemcami Polska
93%
Wygrała Mistrzostwa Świata jako pierwsza drużyna z Europy Włochy
88%
Wygrała ostatnią edycję ,,Finalissimy" (mecz pomiędzy zwycięzcą ostatniego Euro i Copa America) Argentyna
84%
Jest spadkobiercą po reprezentacji ZSRR Rosja
83%
Wygrała tylko jeden mecz w historii San Marino
80%
Przez długi czas nie liczyła się w walce o medale a teraz jest w czołówce rankingu FIFA Belgia
72%
Ma tylko dwa triumfy w Copa America, lecz zdobyła je ,,pod rząd'' Chile
68%
W tym roku zadebiutowała na Mistrzostwach Europy i doszła nawet do 1/8 finału Gruzja
64%
Na Mistrzostwach Świata 2002 wywalczyła brązowy medal Turcja
58%
Miała ,,złotą jedenastkę'' w latach 50 ubiegłego wieku Węgry
58%
Pokonała reprezentację Anglii w 1/8 finału Euro 2016 Islandia
56%
Straciła najwięcej goli w tegorocznej edycji Copa America Boliwia
49%
Wygrała ostatnie Mistrzostwa Azji Katar
49%
Straciła najwięcej goli w tegorocznej edycji Euro (licząc tylko fazę grupową) Szkocja
46%
Strzeliła zaledwie dwie bramki w grupie na Euro 2024 ale i tak dostała się do 1/8 finału Słowenia
43%
Nie znaleziono quizów pasujących do podanych kryteriów
Rozkład punktacji
Procent ludzi z każdym wynikiem
Percentyl według liczby udzielonych odpowiedzi
Twoja historia wyników
Nie rozwiązałeś tego quizu